[Event "8 Player Open 7"]
[Site "SchemingMind.com"]
[Date "2014.07.09"]
[Round "-"]
[White "alexyongpohweng"]
[Black "JDan"]
[Result "0-1"]
[WhiteCountry "MAS"]
[BlackCountry "POL"]
[WhiteElo "1240"]
[WhiteRD "45"]
[BlackElo "1533"]
[BlackRD "51"]
[GameID "361213"]

1. e4 e6 2. d4 c5 3. dxc5 Bxc5 4. Nf3 Qa5+ 5. Bd2 Qb6 6. Qe2 Qxb2 7. Bc3 Qc1+ 8. Qd1 Qxd1+ 9. Kxd1 Bxf2 10. Nbd2 Nf6
11. Bxf6 gxf6 12. Bd3 Nc6 13. Bb5 Nd4 14. Nxd4 Bxd4 15. Rf1 Bxa1
0-1

[Event "8 Player Open 7"]
[Site "SchemingMind.com"]
[Date "2014.07.09"]
[Round "-"]
[White "JDan"]
[Black "alexyongpohweng"]
[Result "1-0"]
[WhiteCountry "POL"]
[BlackCountry "MAS"]
[WhiteElo "1533"]
[WhiteRD "51"]
[BlackElo "1240"]
[BlackRD "45"]
[GameID "361214"]

1. e4 e5 2. f4 exf4 3. Nf3 Nf6 4. Nc3 Bc5 5. d4 Be7 6. Bxf4 O-O 7. Bc4 d6 8. O-O c6 9. Ng5 b5 10. Bb3 b4
11. Na4 h6 12. Nxf7 Rxf7 13. Bxf7+ Kxf7 14. e5 dxe5 15. dxe5 Nh7 16. Bg5+ Ke8 17. Qh5+ Kd7 18. Rad1+
1-0

[Event "8 Player Open 7"]
[Site "SchemingMind.com"]
[Date "2014.07.11"]
[Round "-"]
[White "alexyongpohweng"]
[Black "GBEDARD"]
[Result "0-1"]
[WhiteCountry "MAS"]
[BlackCountry "USA"]
[WhiteElo "1148"]
[WhiteRD "51"]
[BlackElo "2034"]
[BlackRD "64"]
[GameID "361311"]

1. e4 d6 2. d4 Nf6 3. Nc3 g6 4. Nf3 Bg7 5. Bd3 O-O 6. O-O Nc6 7. d5 Nb4 8. a3 Nxd3 9. cxd3 c6 10. dxc6 bxc6
11. b3 Nxe4 12. dxe4 Bxc3 13. Rb1 Ba6 14. Nd2 Bxf1 15. Kxf1 Qb6 16. b4 a5 17. Nc4 Qb5 18. Qd3 axb4 19. axb4 Ra1 20. Qxc3 Rxb1
21. Ke1 Qxb4 22. Qxb4 Rxb4 23. Nd2 Ra8 24. Kd1 Ra2 25. Ke1 f5
0-1

[Event "8 Player Open 7"]
[Site "SchemingMind.com"]
[Date "2014.07.11"]
[Round "-"]
[White "GBEDARD"]
[Black "alexyongpohweng"]
[Result "1-0"]
[WhiteCountry "USA"]
[BlackCountry "MAS"]
[WhiteElo "2034"]
[WhiteRD "64"]
[BlackElo "1148"]
[BlackRD "51"]
[GameID "361312"]

1. e4 e5 2. Nf3 d6 3. d4 exd4 4. Nxd4 Nf6 5. Nc3 Be7 6. Bf4 O-O 7. Qd2 c5 8. Ndb5 a6 9. Nxd6 Bxd6 10. Qxd6 Qxd6
11. Bxd6 Re8 12. O-O-O Nxe4 13. Nxe4 Be6 14. Nxc5 Ra7 15. Bxb8 Rxb8 16. Nxe6 fxe6 17. Bc4 Kf7 18. Rd7+ Kf6 19. Re1 e5 20. Re3 Kg6
21. Bd3+ Kf6 22. Rd6+ Kf7 23. Bxh7 g6 24. Rxe5 Rh8 25. Bxg6+ Kg7 26. Re7+
1-0

[Event "8 Player Open 7"]
[Site "SchemingMind.com"]
[Date "2014.07.11"]
[Round "-"]
[White "GBEDARD"]
[Black "emvarela"]
[Result "1-0"]
[WhiteCountry "USA"]
[BlackCountry "ARG"]
[WhiteElo "2028"]
[WhiteRD "65"]
[BlackElo "1627"]
[BlackRD "46"]
[GameID "361313"]

1. e4 e5 2. Nf3 Nc6 3. Bb5 a6 4. Ba4 Nf6 5. O-O Be7 6. Re1 b5 7. Bb3 O-O 8. c3 d5 9. exd5 Nxd5 10. Nxe5 Nxe5
11. Rxe5 c6 12. d4 Bd6 13. Re1 Qh4 14. g3 Qh3 15. Be3 Bg4 16. Qd3 Rae8 17. Nd2 Re6 18. Qf1 Qxf1+ 19. Nxf1 Rfe8 20. Bd2 Rxe1
21. Rxe1 Rxe1 22. Bxe1 f5 23. Ne3 Kf8 24. Nxd5 cxd5 25. Bxd5 Be2 26. b3 a5 27. f4 a4 28. c4 axb3 29. axb3 bxc4 30. bxc4 Bd3
31. c5 Be7 32. Bf3 Bf6 33. d5 Bd8 34. d6 Ke8 35. c6
1-0

[Event "8 Player Open 7"]
[Site "SchemingMind.com"]
[Date "2014.07.11"]
[Round "-"]
[White "emvarela"]
[Black "GBEDARD"]
[Result "0-1"]
[WhiteCountry "ARG"]
[BlackCountry "USA"]
[WhiteElo "1633"]
[WhiteRD "47"]
[BlackElo "2034"]
[BlackRD "64"]
[GameID "361314"]

1. e4 d6 2. d4 Nf6 3. Nc3 g6 4. f4 Bg7 5. Nf3 O-O 6. Bd3 Na6 7. a3 c5 8. Be3 Ng4 9. Bxa6 Nxe3 10. Qe2 cxd4
11. Nd1 bxa6 12. Nxe3 dxe3 13. Qxe3 Bxb2 14. Rb1 Qa5+ 15. Kf2 Qxa3 16. Rhd1 Qxe3+ 17. Kxe3 Rb8 18. Rd3 Bd4+ 19. Nxd4 Rxb1 20. Nc6 Re8
21. Nd4 Re1+
0-1

[Event "8 Player Open 7"]
[Site "SchemingMind.com"]
[Date "2014.07.11"]
[Round "-"]
[White "GBEDARD"]
[Black "JDan"]
[Result "1-0"]
[WhiteCountry "USA"]
[BlackCountry "POL"]
[WhiteElo "2025"]
[WhiteRD "63"]
[BlackElo "1464"]
[BlackRD "56"]
[GameID "361315"]

1. e4 e6 2. d4 c5 3. Nf3 d5 4. exd5 exd5 5. Bb5+ Bd7 6. Bxd7+ Nxd7 7. Nc3 Ngf6 8. O-O Bd6 9. Re1+ Be7 10. Qe2 h6
11. Bf4 cxd4 12. Bc7 O-O 13. Bxd8 Bxd8 14. Nxd4 Ba5 15. Nf5 Rfe8 16. Qf3 Rac8 17. Rxe8+ Rxe8 18. Nxd5
1-0

[Event "8 Player Open 7"]
[Site "SchemingMind.com"]
[Date "2014.07.10"]
[Round "-"]
[White "JDan"]
[Black "GBEDARD"]
[Result "0-1"]
[WhiteCountry "POL"]
[BlackCountry "USA"]
[WhiteElo "1408"]
[WhiteRD "58"]
[BlackElo "2034"]
[BlackRD "64"]
[GameID "361316"]

1. e4 d6 2. d4 Nf6 3. Nc3 g6 4. f4 Bg7 5. Nf3 O-O 6. Bc4 Nc6 7. O-O Nxe4 8. Nxe4 d5 9. Bxd5 Qxd5 10. Neg5 h6
11. Nh3 Bxh3 12. gxh3 Bxd4+ 13. Nxd4 Qxd4+ 14. Qxd4 Nxd4 15. c3 Nf5 16. b3 Rfd8 17. Ba3 Rd3 18. Rae1 Kf8 19. Re5 Rxc3 20. Rfe1 c5
21. Bxc5 Rxc5 22. Rxc5 Nd4
0-1

[Event "8 Player Open 7"]
[Site "SchemingMind.com"]
[Date "2014.07.12"]
[Round "-"]
[White "alexyongpohweng"]
[Black "fanfan_la_Tulipe"]
[Result "0-1"]
[WhiteCountry "MAS"]
[BlackCountry "AUT"]
[WhiteElo "1148"]
[WhiteRD "51"]
[BlackElo "2059"]
[BlackRD "70"]
[GameID "361340"]

1. e4 c5 2. d3 e6 3. Nf3 Nc6 4. Be2 d5 5. exd5 exd5 6. O-O Bd6 7. c4 d4 8. Bg5 Nge7 9. Bxe7 Qxe7 10. Re1 O-O
11. Bf1 Qf6 12. Na3 a6 13. Qd2 Bg4 14. Be2 Bf4 15. Qc2 Rfe8 16. Nd2 Rxe2 17. Rxe2 Bxe2 18. Nb3 Bh5 19. Nxc5 Bxh2+ 20. Kxh2 Qe5+
21. g3 Qxc5 22. Re1 Bf3 23. Qd2 Qh5+
0-1

[Event "8 Player Open 7"]
[Site "SchemingMind.com"]
[Date "2014.07.12"]
[Round "-"]
[White "fanfan_la_Tulipe"]
[Black "alexyongpohweng"]
[Result "1-0"]
[WhiteCountry "AUT"]
[BlackCountry "MAS"]
[WhiteElo "2059"]
[WhiteRD "70"]
[BlackElo "1148"]
[BlackRD "51"]
[GameID "361341"]

1. d4 d5 2. c4 dxc4 3. Nf3 Nf6 4. Nc3 g6 5. e4 Bg7 6. Bxc4 O-O 7. h3 c6 8. O-O b5 9. Bd3 Ba6 10. e5 Nd5
11. Ne4 b4 12. Bxa6 Nxa6 13. Qa4 Nb8 14. Bd2 a5 15. Rac1 e6 16. Rfd1 f6 17. exf6 Nxf6 18. Nxf6+ Bxf6 19. Bxb4 Re8 20. Bc3 Qd5
21. Ne5 Bxe5 22. dxe5
1-0

[Event "8 Player Open 7"]
[Site "SchemingMind.com"]
[Date "2014.07.11"]
[Round "-"]
[White "GBEDARD"]
[Black "fanfan_la_Tulipe"]
[Result "0-1"]
[WhiteCountry "USA"]
[BlackCountry "AUT"]
[WhiteElo "2025"]
[WhiteRD "63"]
[BlackElo "2038"]
[BlackRD "70"]
[GameID "361342"]

1. e4 c5 2. Nf3 e6 3. d4 cxd4 4. Nxd4 a6 5. Be3 Nf6 6. Nd2 Qc7 7. Bd3 Nc6 8. c3 Be7 9. O-O d5 10. exd5 Nxd5
11. Nxc6 Nxe3 12. fxe3 Qxc6 13. Qh5 g6 14. Qe5 f6 15. Qf4 O-O 16. Bxg6 hxg6 17. Qh6 Qe8 18. Nc4 b5 19. Rf3 Qf7 20. Nb6 Rb8
21. Nxc8 Rbxc8 22. Rg3 g5 23. Rh3 Qg7 24. Qxg7+ Kxg7 25. a4 b4 26. cxb4 Bxb4 27. e4 Rc2 28. Rb3 a5 29. Rd3 Rxb2 30. Rc1 Re2
31. Rd4 Re1+ 32. Rxe1 Bxe1 33. Rd7+ Rf7 34. Rxf7+ Kxf7 35. Kf1 Bb4 36. g4 Ke7 37. e5 fxe5 38. Ke2 Kd6 39. Kf3 Kd5 40. Ke3 Bc5+
41. Ke2 Ke4 42. Kd2 Kf4 43. h4 gxh4
0-1

[Event "8 Player Open 7"]
[Site "SchemingMind.com"]
[Date "2014.07.11"]
[Round "-"]
[White "fanfan_la_Tulipe"]
[Black "GBEDARD"]
[Result "1-0"]
[WhiteCountry "AUT"]
[BlackCountry "USA"]
[WhiteElo "2059"]
[WhiteRD "70"]
[BlackElo "2034"]
[BlackRD "64"]
[GameID "361343"]

1. d4 Nf6 2. c4 e6 3. Nc3 c5 4. d5 exd5 5. cxd5 d6 6. e4 g6 7. Nge2 Bg7 8. Ng3 a6 9. a4 h5 10. Be2 O-O
11. Bg5 Qc7 12. O-O Nh7 13. Be3 h4 14. Nh1 h3 15. g3 Re8 16. f3 Nd7 17. Nf2 Qb6 18. Qd2 Qb4 19. Nxh3 Ne5 20. Nf2 Bd7
21. Rfc1 Nf6 22. h3 b6 23. b3 Nh5 24. f4 Nxg3 25. fxe5 Bxe5 26. Bd1 Kg7 27. Bh6+ Kg8 28. Qd3 f5 29. Bd2 Nxe4 30. Nfxe4 fxe4
31. Nxe4 Qxe4 32. Qxe4 Bh2+ 33. Kxh2 Rxe4 34. Rc4 Re7 35. Bg5 Rf7 36. Rf4 Re8 37. Bg4 Bxg4 38. Rxg4 Rf3 39. Rag1 Re2+ 40. R1g2 Rxg2+
41. Kxg2 Rxb3 42. Be7 Kg7 43. Bxd6 Rd3 44. Be5+ Kf7 45. d6 b5 46. axb5 axb5 47. Rg3 Rxg3+ 48. Kxg3 Ke6 49. Kf3 b4 50. Ke3 c4
51. Kd4 c3 52. Kd3 g5 53. Kc2 Kd7 54. Kb3 Ke6 55. Bh2 Kd7 56. Bg3 Ke6 57. Be5 Kd7 58. Bf6 Kxd6 59. Kxb4
1-0

[Event "8 Player Open 7"]
[Site "SchemingMind.com"]
[Date "2014.07.16"]
[Round "-"]
[White "emvarela"]
[Black "fanfan_la_Tulipe"]
[Result "0-1"]
[WhiteCountry "ARG"]
[BlackCountry "AUT"]
[WhiteElo "1627"]
[WhiteRD "46"]
[BlackElo "2089"]
[BlackRD "72"]
[GameID "361344"]

1. e4 c5 2. Nf3 e6 3. d4 cxd4 4. Nxd4 a6 5. Nc3 b5 6. Bd3 Bb7 7. O-O Qc7 8. Qf3 Nf6 9. Bg5 Be7 10. Bxf6 Bxf6
11. Nce2 d6 12. c3 Nd7 13. Rfe1 Ne5 14. Qg3 Nxd3 15. Qxd3 O-O 16. f4 Rad8 17. f5 e5 18. Nf3 d5 19. exd5 Bxd5 20. Qe3 Rfe8
21. Red1 Be7 22. Qxe5 Bc5+
0-1

[Event "8 Player Open 7"]
[Site "SchemingMind.com"]
[Date "2014.07.16"]
[Round "-"]
[White "fanfan_la_Tulipe"]
[Black "emvarela"]
[Result "1-0"]
[WhiteCountry "AUT"]
[BlackCountry "ARG"]
[WhiteElo "2059"]
[WhiteRD "70"]
[BlackElo "1633"]
[BlackRD "47"]
[GameID "361345"]

1. d4 Nf6 2. c4 e6 3. Nc3 Bb4 4. e3 O-O 5. Ne2 Bxc3+ 6. Nxc3 d5 7. Bd3 dxc4 8. Bxc4 Nd5 9. O-O Nxc3 10. bxc3 Bd7
11. e4 Nc6 12. Rb1 b6 13. f4 Na5 14. Bd3 Nb7 15. Qh5 c5 16. e5 cxd4 17. Qxh7#
1-0

[Event "8 Player Open 7"]
[Site "SchemingMind.com"]
[Date "2014.07.11"]
[Round "-"]
[White "fanfan_la_Tulipe"]
[Black "JDan"]
[Result "1-0"]
[WhiteCountry "AUT"]
[BlackCountry "POL"]
[WhiteElo "2038"]
[WhiteRD "70"]
[BlackElo "1464"]
[BlackRD "56"]
[GameID "361346"]

1. d4 Nf6 2. c4 e6 3. Nc3 Bb4 4. e3 Ne4 5. Qc2 c5 6. Qxe4 d5 7. cxd5 Qxd5 8. Qxd5 exd5 9. dxc5 Nc6 10. Nf3 O-O
11. Be2 Bf5 12. O-O Be4 13. Nxe4 dxe4 14. Ng5 Rfe8 15. a3 Bxc5 16. b4 Bb6 17. Bb2
1-0

[Event "8 Player Open 7"]
[Site "SchemingMind.com"]
[Date "2014.07.11"]
[Round "-"]
[White "JDan"]
[Black "fanfan_la_Tulipe"]
[Result "0-1"]
[WhiteCountry "POL"]
[BlackCountry "AUT"]
[WhiteElo "1464"]
[WhiteRD "56"]
[BlackElo "2038"]
[BlackRD "70"]
[GameID "361347"]

1. e4 c5 2. Nc3 e6 3. f4 d5 4. d4 dxe4 5. d5 Nf6 6. Bb5+ Bd7 7. dxe6 fxe6 8. Qe2 Be7 9. Bxd7+ Qxd7 10. Nxe4 O-O
11. Nf3 Nc6 12. Bd2 Nd4 13. Nxd4 cxd4 14. O-O-O Nd5
0-1

[Event "8 Player Open 7"]
[Site "SchemingMind.com"]
[Date "2014.07.12"]
[Round "-"]
[White "alexyongpohweng"]
[Black "harijs"]
[Result "0-1"]
[WhiteCountry "MAS"]
[BlackCountry "LAT"]
[WhiteElo "1203"]
[WhiteRD "51"]
[BlackElo "2196"]
[BlackRD "115"]
[GameID "361354"]

1. e4 c5 2. d4 cxd4 3. Qxd4 Nc6 4. Qd1 e6 5. Nf3 h6 6. Bb5 Qc7 7. O-O Ne5 8. Nxe5 Qxe5 9. Bd3 b6 10. Nc3 Bb7
11. Be2 Nf6 12. g3 g5 13. f3 Bc5+ 14. Kh1 Rd8 15. Qd3 h5 16. Qd2 Rg8 17. Qd3 Qb8 18. Be3 h4 19. Bxc5 bxc5 20. Kg1 hxg3
21. hxg3 Qxg3+
0-1

[Event "8 Player Open 7"]
[Site "SchemingMind.com"]
[Date "2014.07.12"]
[Round "-"]
[White "GBEDARD"]
[Black "harijs"]
[Result "0-1"]
[WhiteCountry "USA"]
[BlackCountry "LAT"]
[WhiteElo "2025"]
[WhiteRD "63"]
[BlackElo "2196"]
[BlackRD "115"]
[GameID "361356"]

1. e4 c5 2. Nf3 d6 3. d4 cxd4 4. Nxd4 Nf6 5. Nc3 a6 6. Be3 e6 7. f3 e5 8. Nb3 Be6 9. Be2 h5 10. O-O h4
11. Nd5 Bxd5 12. exd5 Nbd7 13. c4 h3 14. g3 Be7 15. Bd3 Qc7 16. Qc2 g6 17. Rfe1 Rc8 18. Rac1 Qb8 19. Qe2 Kf8 20. Qd2 Kg8
21. Na5 Bd8 22. Qb4 Kg7 23. Nb3 b5 24. Kf1 Nb6 25. c5 Nbxd5 26. Qd2 Nxe3+ 27. Qxe3 dxc5 28. Rxc5 Rxc5 29. Nxc5 Bb6 30. Qxe5 Qd8
31. Bc2 Rh5 32. Ne6+ fxe6 33. Qc3 Rc5 34. Qd3 Rf5 35. Rxe6 Qxd3+ 36. Bxd3 Rxf3+ 37. Ke2 Rf2+ 38. Ke1 Rxh2 39. Rxb6 Rxb2 40. Rb7+ Kh6
41. Rb8 Rxa2 42. Rh8+ Nh7 43. Rg8 Ng5 44. Rxg6+ Kh5 45. Bf5 Nf3+ 46. Kd1 Ra1+ 47. Kc2 Nd4+ 48. Kc3 Nxf5 49. Rg8 Ra3+
0-1

[Event "8 Player Open 7"]
[Site "SchemingMind.com"]
[Date "2014.07.12"]
[Round "-"]
[White "harijs"]
[Black "GBEDARD"]
[Result "1-0"]
[WhiteCountry "LAT"]
[BlackCountry "USA"]
[WhiteElo "2196"]
[WhiteRD "115"]
[BlackElo "2025"]
[BlackRD "63"]
[GameID "361357"]

1. e4 d6 2. d4 Nf6 3. Nc3 g6 4. a4 d5 5. e5 Ne4 6. Nce2 f6 7. f3 Ng5 8. Bxg5 fxg5 9. c3 Nc6 10. Nc1 Na5
11. Qd2 Bg7 12. Qxg5 O-O 13. b4 Nc6 14. h4 Bf5 15. g4 h6 16. Qe3 Be6 17. Bd3 Bf7 18. h5 g5 19. Nh3 Qd7 20. Nxg5 hxg5
21. Qxg5 Nxe5 22. dxe5 Qc6 23. h6 Qxc3+ 24. Kd1 Qxe5 25. Bh7+ Kh8 26. hxg7+ Qxg7 27. Qh4 Rfe8 28. Ra2 Qf6 29. g5 Qxf3+ 30. Re2 Qh5
31. Qxh5 Bxh5 32. Rxh5 Kg7 33. Bf5 e6 34. Rh7+ Kg8 35. Bc2 Rac8 36. Reh2 Kf8 37. Rd7 Re7 38. Rh8+
1-0

[Event "8 Player Open 7"]
[Site "SchemingMind.com"]
[Date "2014.07.16"]
[Round "-"]
[White "emvarela"]
[Black "harijs"]
[Result "0-1"]
[WhiteCountry "ARG"]
[BlackCountry "LAT"]
[WhiteElo "1627"]
[WhiteRD "46"]
[BlackElo "2259"]
[BlackRD "109"]
[GameID "361358"]

1. e4 c5 2. Nf3 d6 3. d4 cxd4 4. Nxd4 Nf6 5. Nc3 a6 6. Be3 e6 7. Bd3 Bd7 8. O-O h6 9. Qf3 Bc6 10. a3 Nbd7
11. Nxc6 bxc6 12. b4 Qc7 13. Ne2 Be7 14. c4 Ne5 15. Qg3 Nxd3 16. Qxg7 Kd7 17. Qg3 c5 18. bxc5 Nxc5 19. Bxc5 Qxc5 20. Rfc1 Nxe4
21. Qe3 Qxe3 22. fxe3 Bg5 23. Nf4 Bxf4 24. exf4 Rhc8 25. Ra2 Rab8 26. g3 Rb3 27. a4 Nc3 28. Rac2 Rxc4 29. Kg2 d5
0-1

[Event "8 Player Open 7"]
[Site "SchemingMind.com"]
[Date "2014.07.16"]
[Round "-"]
[White "harijs"]
[Black "emvarela"]
[Result "1-0"]
[WhiteCountry "LAT"]
[BlackCountry "ARG"]
[WhiteElo "2236"]
[WhiteRD "110"]
[BlackElo "1633"]
[BlackRD "47"]
[GameID "361359"]

1. e4 e5 2. Nf3 Nc6 3. Bc4 Bc5 4. c3 h6 5. d4 exd4 6. cxd4 Bb4+ 7. Nc3 d6 8. Bd2 Bg4 9. Bb5 Bxc3 10. Bxc3 Ne7
11. d5 a6 12. dxc6 Nxc6 13. Bxg7 Rg8 14. Bxh6 Qf6 15. Bxc6+ bxc6 16. Bc1 O-O-O 17. Qd3 Bxf3 18. Qxf3
1-0

[Event "8 Player Open 7"]
[Site "SchemingMind.com"]
[Date "2014.07.11"]
[Round "-"]
[White "harijs"]
[Black "fanfan_la_Tulipe"]
[Result "1-0"]
[WhiteCountry "LAT"]
[BlackCountry "AUT"]
[WhiteElo "2259"]
[WhiteRD "109"]
[BlackElo "2089"]
[BlackRD "72"]
[GameID "361360"]

1. e4 c5 2. Nf3 e6 3. d4 cxd4 4. Nxd4 a6 5. Bd3 Qc7 6. O-O Nf6 7. Nf3 Nc6 8. h3 Bc5 9. Bg5 h6 10. Bxf6 gxf6
11. Qe2 Rg8 12. Kh1 d6 13. Qd2 Bd7 14. Qxh6 O-O-O 15. Qxf6 Rg6 16. Qxf7 Rdg8 17. Nbd2 Nd8 18. Qh7 R6g7 19. Qh6 Rg6 20. Qh4 Rxg2
21. Rg1 Bxf2 22. Rxg2 Bxh4 23. Rxg8 Bf6 24. Rf1 e5 25. Ng1 Be6 26. Rg6 Bh4 27. Rg2 Qd7 28. Kh2 Qe7 29. Ngf3 Bf6 30. Nc4 Kc7
31. Ne3 b5 32. c4 Nb7 33. b4 Kb6 34. Kh1 Qh7 35. Ng1 Bd8 36. cxb5 axb5 37. Rf3 Qh4 38. a3 Bg5 39. Nf5 Bxf5 40. exf5 d5
41. Rfg3 Bd8 42. Rg6+ Ka7 43. Bxb5 Bb6 44. f6 Qf4 45. R2g4 Qf2 46. Bc6 Bc7 47. Rg2 Qf4 48. Bxd5 Nd6 49. Rg7 Kb6 50. Rc2
1-0

[Event "8 Player Open 7"]
[Site "SchemingMind.com"]
[Date "2014.07.11"]
[Round "-"]
[White "fanfan_la_Tulipe"]
[Black "harijs"]
[Result "0-1"]
[WhiteCountry "AUT"]
[BlackCountry "LAT"]
[WhiteElo "2059"]
[WhiteRD "70"]
[BlackElo "2236"]
[BlackRD "110"]
[GameID "361361"]

1. d4 Nf6 2. c4 e6 3. Nc3 d5 4. cxd5 exd5 5. Bg5 c6 6. Qc2 Nbd7 7. e3 Bb4 8. Bd3 h6 9. Bh4 O-O 10. Ne2 Re8
11. O-O Nf8 12. a3 Be7 13. b4 Nh5 14. Bxe7 Qxe7 15. b5 Bd7 16. bxc6 Bxc6 17. Qb3 Nf6 18. Rac1 Qd6 19. Ng3 g6 20. a4 Rec8
21. Rc2 Rc7 22. Rfc1 Rac8 23. a5 a6 24. f3 h5 25. Nge2 Qe7 26. Kf2 Re8 27. Nd1 Rec8 28. Nec3 Ne8 29. g3 Qd7 30. Kg2 Nh7
31. Nf2 Nhf6 32. Na2 Nd6 33. Qb4 Qe7 34. Nc3 h4 35. g4 Qe6 36. Ne2 Nc4 37. Bxc4 dxc4 38. e4 Nxe4 39. Nxe4 Bxe4 40. fxe4 Qxe4+
41. Kf2 Rc6 42. g5 Qf5+ 43. Ke1 Re8 44. Rd2 Qf3 45. Kd1 Rce6
0-1

[Event "8 Player Open 7"]
[Site "SchemingMind.com"]
[Date "2014.07.11"]
[Round "-"]
[White "harijs"]
[Black "JDan"]
[Result "1-0"]
[WhiteCountry "LAT"]
[BlackCountry "POL"]
[WhiteElo "2196"]
[WhiteRD "115"]
[BlackElo "1464"]
[BlackRD "56"]
[GameID "361362"]

1. e4 e6 2. d4 c5 3. d5 e5 4. a4 d6 5. h3 f5 6. Bb5+ Bd7 7. exf5 Bxb5 8. axb5 Qd7 9. Nf3 Qxb5 10. Ng5 Ne7
11. Qh5+ g6 12. fxg6 Nxg6 13. Nxh7 Qb4+ 14. Nc3 Kf7 15. Qf5+ Kg7 16. Ng5
1-0

[Event "8 Player Open 7"]
[Site "SchemingMind.com"]
[Date "2014.07.11"]
[Round "-"]
[White "JDan"]
[Black "harijs"]
[Result "0-1"]
[WhiteCountry "POL"]
[BlackCountry "LAT"]
[WhiteElo "1464"]
[WhiteRD "56"]
[BlackElo "2196"]
[BlackRD "115"]
[GameID "361363"]

1. e4 c5 2. Nc3 Nc6 3. f4 a6 4. a4 d6 5. Bc4 e6 6. d3 Be7 7. Nf3 Bd7 8. O-O h6 9. Be3 Nf6 10. d4 Ng4
11. Qe2 Nxe3 12. Qxe3 cxd4 13. Nxd4 Qb6
0-1

[Event "8 Player Open 7"]
[Site "SchemingMind.com"]
[Date "2014.07.14"]
[Round "-"]
[White "Dempa"]
[Black "alexyongpohweng"]
[Result "0-1"]
[WhiteCountry "CRO"]
[BlackCountry "MAS"]
[WhiteElo "1239"]
[WhiteRD "113"]
[BlackElo "1148"]
[BlackRD "51"]
[GameID "361434"]

1. Nf3 d5 2. d4 Nf6 3. c4 dxc4 4. e3 g6 5. Bxc4 Bg7 6. O-O O-O 7. Nc3 c6 8. h3 b5 9. Bd3 b4 10. Ne4 Nxe4
0-1

[Event "8 Player Open 7"]
[Site "SchemingMind.com"]
[Date "2014.07.13"]
[Round "-"]
[White "GBEDARD"]
[Black "Dempa"]
[Result "1-0"]
[WhiteCountry "USA"]
[BlackCountry "CRO"]
[WhiteElo "2034"]
[WhiteRD "64"]
[BlackElo "1239"]
[BlackRD "113"]
[GameID "361435"]

1. e4 c5 2. Nf3 d6 3. d4 cxd4 4. Nxd4 Nf6 5. Nc3 a6 6. Be3 e6 7. f3 b5 8. Qd2 Nbd7 9. g4 h6 10. O-O-O Bb7
11. h4 b4 12. Na4 Qa5 13. b3 Nc5 14. a3 Nxa4 15. axb4 Qc7 16. bxa4 Nd7 17. a5 d5 18. Bf4 e5 19. Bg3 Rb8 20. exd5 Bxd5
21. Nb5 axb5 22. Qxd5 Bxb4 23. Qxd7+ Qxd7 24. Rxd7 Kxd7 25. Bxe5 Bxa5 26. Bxg7 Rhe8 27. Bxh6 Re1+ 28. Kb2 Ke6 29. c3 Ke7 30. Bd2 Rd1
31. Kc2 Ra1 32. Bg5+ f6 33. Be3
1-0

[Event "8 Player Open 7"]
[Site "SchemingMind.com"]
[Date "2014.07.13"]
[Round "-"]
[White "Dempa"]
[Black "GBEDARD"]
[Result "0-1"]
[WhiteCountry "CRO"]
[BlackCountry "USA"]
[WhiteElo "1239"]
[WhiteRD "113"]
[BlackElo "2034"]
[BlackRD "64"]
[GameID "361436"]

1. Nf3 Nf6 2. c4 e6 3. g3 d5 4. Bg2 Be7 5. O-O O-O 6. d4 dxc4 7. Qc2 a6 8. Qxc4 b5 9. Qc2 Bb7 10. Bg5 Nbd7
11. Bxf6 Nxf6 12. Nbd2 Rc8 13. Nb3 Be4 14. Qc1 Qd5 15. Rd1 Nd7 16. Qe3 Qa8 17. Rac1 Bd5 18. Ne1 c6 19. Bxd5 cxd5 20. Rxc8 Rxc8
21. Rc1 Nb6 22. Rxc8+ Qxc8 23. Nc5 Nc4 24. Qc1 Bxc5 25. dxc5 Qxc5 26. b3 Qa3 27. Qc2 Nd6 28. Nf3 g6 29. Ne5 Kg7 30. Nc6 Ne4
31. f3 Qc5+ 32. Qxc5 Nxc5 33. Kf2 Kf6 34. Ke3 e5
0-1

[Event "8 Player Open 7"]
[Site "SchemingMind.com"]
[Date "2014.07.18"]
[Round "-"]
[White "harijs"]
[Black "Dempa"]
[Result "1-0"]
[WhiteCountry "LAT"]
[BlackCountry "CRO"]
[WhiteElo "2236"]
[WhiteRD "110"]
[BlackElo "1239"]
[BlackRD "113"]
[GameID "361439"]

1. e4 e6 2. d4 d5 3. Nd2 c5 4. dxc5 Bxc5 5. Bd3 Nf6 6. Qe2 Nc6 7. Ngf3 dxe4 8. Nxe4 Nxe4 9. Qxe4 Qb6 10. O-O Bd7
11. b3 Bd4 12. Nxd4 Qxd4 13. Qxd4 Nxd4 14. Bb2 e5 15. Rfe1 f6 16. Bxd4
1-0

[Event "8 Player Open 7"]
[Site "SchemingMind.com"]
[Date "2014.07.18"]
[Round "-"]
[White "Dempa"]
[Black "harijs"]
[Result "0-1"]
[WhiteCountry "CRO"]
[BlackCountry "LAT"]
[WhiteElo "1239"]
[WhiteRD "113"]
[BlackElo "2236"]
[BlackRD "110"]
[GameID "361440"]

1. Nf3 Nf6 2. c4 e6 3. d4 d5 4. g3 dxc4 5. Bg2 Nc6 6. Qa4 Bd7 7. Qxc4 Na5 8. Qc2 Rc8 9. Bd2 c5 10. O-O cxd4
11. Qd3 Nc4 12. Nxd4 b5 13. Bc3 b4 14. b3 Ne5 15. Qe3 Nfg4 16. Qf4 bxc3 17. h3 g5
0-1

[Event "8 Player Open 7"]
[Site "SchemingMind.com"]
[Date "2014.07.13"]
[Round "-"]
[White "fanfan_la_Tulipe"]
[Black "Dempa"]
[Result "1-0"]
[WhiteCountry "AUT"]
[BlackCountry "CRO"]
[WhiteElo "2059"]
[WhiteRD "70"]
[BlackElo "1239"]
[BlackRD "113"]
[GameID "361441"]

1. d4 Nf6 2. c4 e6 3. Nc3 Bb4 4. e3 O-O 5. Ne2 d5 6. a3 Bd6 7. Ng3 c6 8. Bd3 dxc4 9. Bxc4 e5 10. O-O Nbd7
11. Qc2 Nb6 12. dxe5
1-0

[Event "8 Player Open 7"]
[Site "SchemingMind.com"]
[Date "2014.07.13"]
[Round "-"]
[White "Dempa"]
[Black "fanfan_la_Tulipe"]
[Result "0-1"]
[WhiteCountry "CRO"]
[BlackCountry "AUT"]
[WhiteElo "1239"]
[WhiteRD "113"]
[BlackElo "2059"]
[BlackRD "70"]
[GameID "361442"]

1. Nf3 Nf6 2. c4 g6 3. Nc3 Bg7 4. e4 O-O 5. d4 d6 6. Be2 Na6 7. O-O e5 8. Be3 Ng4 9. Bg5 Qe8 10. dxe5 dxe5
11. h3 h6 12. Bd2 Nf6 13. Be3 Qe7
0-1

[Event "8 Player Open 7"]
[Site "SchemingMind.com"]
[Date "2014.07.15"]
[Round "-"]
[White "Dempa"]
[Black "JDan"]
[Result "0-1"]
[WhiteCountry "CRO"]
[BlackCountry "POL"]
[WhiteElo "1220"]
[WhiteRD "113"]
[BlackElo "1416"]
[BlackRD "65"]
[GameID "361444"]

1. Nf3 d5 2. d4 c5 3. c4 dxc4 4. d5 e6 5. Nc3 Nf6 6. e4 b6 7. d6 Qxd6 8. Qxd6 Bxd6 9. e5 Bxe5 10. Nxe5 O-O
0-1

[Event "8 Player Open 7"]
[Site "SchemingMind.com"]
[Date "2014.07.14"]
[Round "-"]
[White "alexyongpohweng"]
[Black "Andromeda"]
[Result "0-1"]
[WhiteCountry "MAS"]
[BlackCountry "GER"]
[WhiteElo "1148"]
[WhiteRD "51"]
[BlackElo "1796"]
[BlackRD "136"]
[GameID "361445"]

1. e4 e6 2. d4 d5 3. exd5 exd5 4. Nf3 Bd6 5. g3 Ne7 6. Bg2 O-O 7. O-O Bg4 8. h3 Bh5 9. g4 Bg6 10. Bg5 Nd7
0-1

[Event "8 Player Open 7"]
[Site "SchemingMind.com"]
[Date "2014.07.13"]
[Round "-"]
[White "GBEDARD"]
[Black "Andromeda"]
[Result "1-0"]
[WhiteCountry "USA"]
[BlackCountry "GER"]
[WhiteElo "2025"]
[WhiteRD "63"]
[BlackElo "1691"]
[BlackRD "194"]
[GameID "361447"]

1. e4 e6 2. d4 d5 3. Nc3 Bb4 4. e5 Qd7 5. a3 Bxc3+ 6. bxc3 b6 7. Qg4 f5 8. Qh5+ Qf7 9. Qd1 Ba6 10. Bxa6 Nxa6
11. Qd3 Nb8 12. Nf3 Ne7 13. c4 c6 14. a4 Nd7 15. Ba3 O-O 16. Ng5
1-0